[Event "45th FIDE Chess Olympiad Open"]
[Site "Budapest, Hungary"]
[Date "2024.09.20"]
[Round "9"]
[White "Ferreira, Jorge Viterbo"]
[Black "Cheparinov, Ivan"]
[Result "1/2-1/2"]
[Board "61"]
[WhiteFideId "1910850"]
[BlackFideId "2905540"]
[WhiteTitle "GM"]
[BlackTitle "GM"]
[WhiteElo "2535"]
[BlackElo "2628"]
[WhiteTeam "Portugal"]
[BlackTeam "Bulgaria"]
[WhiteClock "0:26:58"]
[BlackClock "0:52:33"]
[Variant "Standard"]

1. Nf3 {[%clk 1:30:57]}  Nf6 {[%clk 1:30:56]} 2. c4 {[%clk 1:31:16]}  b6 {[%clk 1:31:21]} 3. g3 {[%clk 1:30:45]}  c5 {[%clk 1:31:46]} 4. Bg2 {[%clk 1:29:58]}  Bb7 {[%clk 1:32:11]} 5. O-O {[%clk 1:29:52]}  g6 {[%clk 1:32:35]} 6. b3 {[%clk 1:28:25]}  Bg7 {[%clk 1:32:58]} 7. Bb2 {[%clk 1:28:47]}  O-O {[%clk 1:33:21]} 8. Nc3 {[%clk 1:28:01]}  d5 {[%clk 1:20:30]} 9. Nxd5 {[%clk 1:26:52]}  Nxd5 {[%clk 1:20:55]} 10. Bxg7 {[%clk 1:27:12]}  Kxg7 {[%clk 1:21:21]} 11. cxd5 {[%clk 1:27:26]}  Qxd5 {[%clk 1:19:22]} 12. d4 {[%clk 1:24:26]}  cxd4 {[%clk 1:19:39]} 13. Qxd4+ {[%clk 1:24:42]}  Qxd4 {[%clk 1:20:04]} 14. Nxd4 {[%clk 1:25:03]}  Bxg2 {[%clk 1:20:31]} 15. Kxg2 {[%clk 1:25:22]}  Rc8 {[%clk 1:20:03]} 16. Rac1 {[%clk 1:06:33]}  Nd7 {[%clk 1:20:27]} 17. Rfd1 {[%clk 0:43:49]}  Kf8 {[%clk 0:54:44]} 18. Ne6+ {[%clk 0:38:00]}  fxe6 {[%clk 0:54:45]} 19. Rxc8+ {[%clk 0:38:24]}  Rxc8 {[%clk 0:55:11]} 20. Rxd7 {[%clk 0:38:46]}  a5 {[%clk 0:54:44]} 21. Rb7 {[%clk 0:38:02]}  Rc6 {[%clk 0:55:12]} 22. f4 {[%clk 0:27:20]}  Rc2 {[%clk 0:49:53]} 23. Kf2 {[%clk 0:24:53]}  Rxa2 {[%clk 0:50:05]} 24. Rxb6 {[%clk 0:25:17]}  Kf7 {[%clk 0:50:26]} 25. Rb5 {[%clk 0:24:56]}  a4 {[%clk 0:50:46]} 26. bxa4 {[%clk 0:25:21]}  Rxa4 {[%clk 0:51:13]} 27. Kf3 {[%clk 0:25:42]}  Ra3+ {[%clk 0:51:40]} 28. Kf2 {[%clk 0:26:08]}  Ra4 {[%clk 0:52:07]} 29. Kf3 {[%clk 0:26:33]}  Ra3+ {[%clk 0:52:34]} 30. Kf2 {[%clk 0:26:58]}  Ra4 {[%clk 0:52:33]} 1/2-1/2

[Event "45th FIDE Chess Olympiad Open"]
[Site "Budapest, Hungary"]
[Date "2024.09.20"]
[Round "9"]
[White "Naiditsch, Arkadij"]
[Black "Galego, Luis"]
[Result "1-0"]
[Board "62"]
[WhiteFideId "4650891"]
[BlackFideId "1900072"]
[WhiteTitle "GM"]
[BlackTitle "GM"]
[WhiteElo "2643"]
[BlackElo "2444"]
[WhiteTeam "Bulgaria"]
[BlackTeam "Portugal"]
[WhiteClock "1:04:34"]
[BlackClock "0:00:58"]
[Variant "Standard"]

1. e4 {[%clk 1:30:56]}  c5 {[%clk 1:30:40]} 2. Nf3 {[%clk 1:31:19]}  e6 {[%clk 1:30:55]} 3. c3 {[%clk 1:31:39]}  Nf6 {[%clk 1:30:21]} 4. e5 {[%clk 1:32:00]}  Nd5 {[%clk 1:30:41]} 5. d4 {[%clk 1:32:22]}  cxd4 {[%clk 1:30:45]} 6. cxd4 {[%clk 1:32:45]}  Nc6 {[%clk 1:29:53]} 7. Bc4 {[%clk 1:31:57]}  d6 {[%clk 1:28:23]} 8. O-O {[%clk 1:31:35]}  Be7 {[%clk 1:25:39]} 9. Qe2 {[%clk 1:31:41]}  Nb6 {[%clk 1:18:18]} 10. Bb3 {[%clk 1:26:08]}  d5 {[%clk 1:15:20]} 11. Nc3 {[%clk 1:26:24]}  Bd7 {[%clk 1:14:40]} 12. Rd1 {[%clk 1:24:48]}  a6 {[%clk 1:10:49]} 13. Ne1 {[%clk 1:23:00]}  g6 {[%clk 1:01:15]} 14. Bh6 {[%clk 1:22:31]}  Na5 {[%clk 0:45:26]} 15. Qg4 {[%clk 1:21:15]}  Nxb3 {[%clk 0:43:08]} 16. axb3 {[%clk 1:21:37]}  Bf8 {[%clk 0:22:02]} 17. Qf4 {[%clk 1:19:41]}  Bxh6 {[%clk 0:21:13]} 18. Qxh6 {[%clk 1:20:03]}  Qe7 {[%clk 0:20:36]} 19. Rac1 {[%clk 1:16:41]}  Qf8 {[%clk 0:20:44]} 20. Qf4 {[%clk 1:16:00]}  Qe7 {[%clk 0:21:09]} 21. Nf3 {[%clk 1:15:39]}  O-O {[%clk 0:20:31]} 22. h4 {[%clk 1:11:06]}  f6 {[%clk 0:13:50]} 23. exf6 {[%clk 1:10:46]}  Rxf6 {[%clk 0:14:14]} 24. Qc7 {[%clk 1:10:41]}  Qd8 {[%clk 0:14:30]} 25. Qg3 {[%clk 1:10:16]}  Rxf3 {[%clk 0:11:57]} 26. gxf3 {[%clk 1:09:12]}  Qf6 {[%clk 0:11:21]} 27. Ne2 {[%clk 1:07:59]}  Bb5 {[%clk 0:10:12]} 28. Rd2 {[%clk 1:07:47]}  Rf8 {[%clk 0:09:21]} 29. Rc7 {[%clk 1:07:20]}  Bc6 {[%clk 0:05:25]} 30. Qd6 {[%clk 1:03:24]}  Re8 {[%clk 0:01:06]} 31. Rc2 {[%clk 1:03:13]}  Na8 {[%clk 0:01:02]} 32. R2xc6 {[%clk 1:03:29]}  bxc6 {[%clk 0:01:24]} 33. Rb7 {[%clk 1:03:49]}  Rd8 {[%clk 0:00:35]} 34. Qxc6 {[%clk 1:03:52]}  Qxh4 {[%clk 0:00:32]} 35. Qxe6+ {[%clk 1:04:12]}  Kh8 {[%clk 0:00:58]} 36. Qe5+ {[%clk 1:04:34]} 1-0

[Event "45th FIDE Chess Olympiad Open"]
[Site "Budapest, Hungary"]
[Date "2024.09.20"]
[Round "9"]
[White "Pereira, Ruben"]
[Black "Petrov, Martin"]
[Result "1/2-1/2"]
[Board "63"]
[WhiteFideId "1903063"]
[BlackFideId "2911086"]
[WhiteTitle "IM"]
[BlackTitle "GM"]
[WhiteElo "2457"]
[BlackElo "2536"]
[WhiteTeam "Portugal"]
[BlackTeam "Bulgaria"]
[WhiteClock "0:40:27"]
[BlackClock "0:14:47"]
[Variant "Standard"]

1. e4 {[%clk 1:30:58]}  c5 {[%clk 1:30:31]} 2. Nf3 {[%clk 1:31:16]}  d6 {[%clk 1:29:54]} 3. d4 {[%clk 1:31:29]}  cxd4 {[%clk 1:30:15]} 4. Nxd4 {[%clk 1:31:51]}  Nf6 {[%clk 1:30:35]} 5. Nc3 {[%clk 1:32:14]}  a6 {[%clk 1:30:44]} 6. Be3 {[%clk 1:32:14]}  e5 {[%clk 1:31:01]} 7. Nb3 {[%clk 1:32:30]}  Be7 {[%clk 1:31:13]} 8. f3 {[%clk 1:32:34]}  Be6 {[%clk 1:31:17]} 9. Qd2 {[%clk 1:32:41]}  h5 {[%clk 1:30:00]} 10. O-O-O {[%clk 1:31:34]}  Nbd7 {[%clk 1:28:57]} 11. Kb1 {[%clk 1:29:27]}  Rc8 {[%clk 1:24:47]} 12. Nd5 {[%clk 1:19:01]}  Nxd5 {[%clk 1:13:02]} 13. exd5 {[%clk 1:19:26]}  Bf5 {[%clk 1:13:29]} 14. Bd3 {[%clk 1:19:49]}  Bxd3 {[%clk 1:13:54]} 15. Qxd3 {[%clk 1:19:48]}  Bg5 {[%clk 1:12:16]} 16. Bf2 {[%clk 1:17:56]}  O-O {[%clk 1:04:18]} 17. h4 {[%clk 1:15:46]}  Bh6 {[%clk 1:04:27]} 18. g4 {[%clk 1:15:59]}  hxg4 {[%clk 0:58:48]} 19. fxg4 {[%clk 1:16:11]}  Bf4 {[%clk 0:59:15]} 20. Nd2 {[%clk 1:09:50]}  f5 {[%clk 0:50:19]} 21. gxf5 {[%clk 1:09:13]}  Bxd2 {[%clk 0:50:36]} 22. Rxd2 {[%clk 1:06:23]}  Qf6 {[%clk 0:50:55]} 23. Qb3 {[%clk 1:01:27]}  Qxf5 {[%clk 0:47:39]} 24. Rg1 {[%clk 0:47:06]}  Rf7 {[%clk 0:44:57]} 25. Be3 {[%clk 0:46:30]}  Nc5 {[%clk 0:41:24]} 26. Bxc5 {[%clk 0:44:18]}  Rxc5 {[%clk 0:41:49]} 27. a3 {[%clk 0:43:26]}  Qf4 {[%clk 0:38:21]} 28. Rdg2 {[%clk 0:43:44]}  Qc4 {[%clk 0:18:11]} 29. Qxc4 {[%clk 0:41:07]}  Rxc4 {[%clk 0:18:37]} 30. Rg6 {[%clk 0:40:26]}  Rd7 {[%clk 0:18:57]} 31. h5 {[%clk 0:40:27]}  Kh7 {[%clk 0:14:47]} 1/2-1/2

[Event "45th FIDE Chess Olympiad Open"]
[Site "Budapest, Hungary"]
[Date "2024.09.20"]
[Round "9"]
[White "Petkov, Momchil"]
[Black "Sousa, Andre Ventura"]
[Result "1-0"]
[Board "64"]
[WhiteFideId "2921642"]
[BlackFideId "1917617"]
[WhiteTitle "GM"]
[BlackTitle "IM"]
[WhiteElo "2540"]
[BlackElo "2403"]
[WhiteTeam "Bulgaria"]
[BlackTeam "Portugal"]
[WhiteClock "0:07:43"]
[BlackClock "0:05:03"]
[Variant "Standard"]

1. d4 {[%clk 1:30:47]}  Nf6 {[%clk 1:30:57]} 2. c4 {[%clk 1:31:02]}  g6 {[%clk 1:31:22]} 3. g3 {[%clk 1:30:45]}  Bg7 {[%clk 1:31:46]} 4. Bg2 {[%clk 1:31:02]}  d6 {[%clk 1:31:56]} 5. Nc3 {[%clk 1:30:35]}  O-O {[%clk 1:32:05]} 6. Nf3 {[%clk 1:30:46]}  c6 {[%clk 1:32:21]} 7. O-O {[%clk 1:30:45]}  Bf5 {[%clk 1:32:36]} 8. Re1 {[%clk 1:30:43]}  Ne4 {[%clk 1:32:55]} 9. Qb3 {[%clk 1:30:58]}  Nxc3 {[%clk 1:33:20]} 10. bxc3 {[%clk 1:31:21]}  Bc8 {[%clk 1:33:46]} 11. h4 {[%clk 1:31:30]}  e5 {[%clk 1:30:37]} 12. dxe5 {[%clk 1:23:38]}  dxe5 {[%clk 1:30:08]} 13. Ba3 {[%clk 1:22:48]}  Re8 {[%clk 1:22:00]} 14. Ng5 {[%clk 1:22:07]}  Qb6 {[%clk 1:21:15]} 15. Ne4 {[%clk 1:14:24]}  Na6 {[%clk 1:15:42]} 16. Qa4 {[%clk 1:03:30]}  Rd8 {[%clk 1:06:03]} 17. Be7 {[%clk 0:58:02]}  Bf5 {[%clk 1:04:46]} 18. c5 {[%clk 0:50:13]}  Qc7 {[%clk 1:05:03]} 19. Bxd8 {[%clk 0:50:23]}  Rxd8 {[%clk 1:05:19]} 20. Red1 {[%clk 0:48:06]}  Bxe4 {[%clk 1:03:42]} 21. Qxe4 {[%clk 0:44:43]}  Re8 {[%clk 0:58:07]} 22. Qc4 {[%clk 0:37:32]}  Bf8 {[%clk 0:56:45]} 23. h5 {[%clk 0:28:54]}  Nxc5 {[%clk 0:56:48]} 24. e4 {[%clk 0:26:50]}  Qa5 {[%clk 0:50:06]} 25. a4 {[%clk 0:25:49]}  Qc7 {[%clk 0:46:59]} 26. Qe2 {[%clk 0:24:46]}  a5 {[%clk 0:44:37]} 27. Qg4 {[%clk 0:19:34]}  Qc8 {[%clk 0:38:25]} 28. Qf3 {[%clk 0:19:58]}  Qe6 {[%clk 0:37:22]} 29. Bf1 {[%clk 0:19:47]}  Be7 {[%clk 0:34:56]} 30. Bd3 {[%clk 0:15:18]}  Qb3 {[%clk 0:27:45]} 31. Qe2 {[%clk 0:13:53]}  Qe6 {[%clk 0:24:15]} 32. Bc4 {[%clk 0:13:59]}  Qf6 {[%clk 0:24:37]} 33. Kg2 {[%clk 0:13:25]}  Kg7 {[%clk 0:24:38]} 34. Rh1 {[%clk 0:10:30]}  h6 {[%clk 0:16:21]} 35. Rh3 {[%clk 0:09:15]}  Rd8 {[%clk 0:14:09]} 36. Rah1 {[%clk 0:08:17]}  g5 {[%clk 0:13:33]} 37. Ra1 {[%clk 0:08:04]}  Bd6 {[%clk 0:08:16]} 38. Rhh1 {[%clk 0:07:55]}  Bc7 {[%clk 0:07:26]} 39. Rhd1 {[%clk 0:07:14]}  Re8 {[%clk 0:07:50]} 40. Qg4 {[%clk 0:06:18]}  Bb6 {[%clk 0:04:30]} 41. Ra2 {[%clk 0:06:03]}  Re7 {[%clk 0:00:53]} 42. Re1 {[%clk 0:27:20]}  Nxa4 {[%clk 0:25:22]} 43. Rb1 {[%clk 0:27:01]}  Nxc3 {[%clk 0:24:05]} 44. Rxb6 {[%clk 0:27:22]}  Nxa2 {[%clk 0:24:31]} 45. Bxa2 {[%clk 0:27:41]}  Qd6 {[%clk 0:23:47]} 46. Qe2 {[%clk 0:22:38]}  Rd7 {[%clk 0:19:47]} 47. Qb2 {[%clk 0:22:37]}  Qd4 {[%clk 0:19:59]} 48. Rxb7 {[%clk 0:21:26]}  Qxe4+ {[%clk 0:19:51]} 49. Kh2 {[%clk 0:21:41]}  Rxb7 {[%clk 0:20:04]} 50. Qxb7 {[%clk 0:22:06]}  Qf3 {[%clk 0:20:25]} 51. Kg1 {[%clk 0:21:35]}  Qxh5 {[%clk 0:13:56]} 52. Qc7 {[%clk 0:19:48]}  g4 {[%clk 0:13:50]} 53. Qxc6 {[%clk 0:14:40]}  Qf5 {[%clk 0:13:56]} 54. Qb5 {[%clk 0:14:28]}  h5 {[%clk 0:14:22]} 55. Qxa5 {[%clk 0:13:57]}  Qe4 {[%clk 0:13:11]} 56. Qd2 {[%clk 0:10:54]}  Qf5 {[%clk 0:13:13]} 57. Qc1 {[%clk 0:09:55]}  Qf6 {[%clk 0:13:05]} 58. Qe3 {[%clk 0:09:46]}  Kf8 {[%clk 0:08:53]} 59. Qe4 {[%clk 0:08:01]}  h4 {[%clk 0:04:50]} 60. gxh4 {[%clk 0:07:01]}  Qxh4 {[%clk 0:04:36]} 61. Qxe5 {[%clk 0:06:59]}  Qh6 {[%clk 0:04:02]} 62. Qc5+ {[%clk 0:06:45]}  Kg7 {[%clk 0:04:05]} 63. Qd4+ {[%clk 0:07:09]}  Kf8 {[%clk 0:04:27]} 64. Qb4+ {[%clk 0:07:03]}  Kg7 {[%clk 0:03:48]} 65. Qxg4+ {[%clk 0:07:26]}  Kh8 {[%clk 0:04:10]} 66. Qd4+ {[%clk 0:06:30]}  Kg8 {[%clk 0:04:15]} 67. Qg4+ {[%clk 0:06:08]}  Kh8 {[%clk 0:04:12]} 68. Qf5 {[%clk 0:05:54]}  Qc1+ {[%clk 0:04:04]} 69. Kg2 {[%clk 0:06:15]}  Qc6+ {[%clk 0:03:59]} 70. Bd5 {[%clk 0:06:39]}  Qd6 {[%clk 0:04:08]} 71. Qh5+ {[%clk 0:07:01]}  Kg7 {[%clk 0:04:35]} 72. Qxf7+ {[%clk 0:07:20]}  Kh6 {[%clk 0:05:03]} 73. Qe6+ {[%clk 0:07:43]} 1-0

[Event "45th FIDE Chess Olympiad Open"]
[Site "Budapest, Hungary"]
[Date "2024.09.20"]
[Round "9"]
[White "Banusz, Tamas"]
[Black "Sipila, Vilka"]
[Result "1/2-1/2"]
[Board "66"]
[WhiteFideId "722413"]
[BlackFideId "505455"]
[WhiteTitle "GM"]
[BlackTitle "IM"]
[WhiteElo "2605"]
[BlackElo "2462"]
[WhiteTeam "Hungary B"]
[BlackTeam "Finland"]
[WhiteClock "0:20:38"]
[BlackClock "0:14:24"]
[Variant "Standard"]

1. Nf3 {[%clk 1:30:57]}  d5 {[%clk 1:30:56]} 2. g3 {[%clk 1:31:22]}  g6 {[%clk 1:31:23]} 3. Bg2 {[%clk 1:31:39]}  Bg7 {[%clk 1:31:47]} 4. O-O {[%clk 1:31:39]}  e5 {[%clk 1:32:13]} 5. d3 {[%clk 1:32:03]}  Nc6 {[%clk 1:32:38]} 6. e4 {[%clk 1:32:19]}  Nge7 {[%clk 1:32:57]} 7. Nc3 {[%clk 1:32:28]}  dxe4 {[%clk 1:33:13]} 8. dxe4 {[%clk 1:32:48]}  O-O {[%clk 1:33:39]} 9. Qxd8 {[%clk 1:31:38]}  Rxd8 {[%clk 1:33:59]} 10. Nb5 {[%clk 1:31:55]}  Bg4 {[%clk 1:34:12]} 11. h3 {[%clk 1:20:15]}  a6 {[%clk 1:34:18]} 12. Na3 {[%clk 1:18:27]}  Be6 {[%clk 1:34:32]} 13. c3 {[%clk 1:16:07]}  h6 {[%clk 1:31:42]} 14. Re1 {[%clk 1:14:41]}  Nc8 {[%clk 1:29:38]} 15. Nh2 {[%clk 1:12:31]}  b5 {[%clk 1:25:24]} 16. f4 {[%clk 1:09:28]}  exf4 {[%clk 1:10:29]} 17. gxf4 {[%clk 1:09:44]}  b4 {[%clk 1:10:46]} 18. cxb4 {[%clk 1:08:49]}  Nxb4 {[%clk 1:10:39]} 19. e5 {[%clk 0:55:40]}  Rb8 {[%clk 1:10:09]} 20. b3 {[%clk 0:55:33]}  Ne7 {[%clk 0:58:38]} 21. Bf1 {[%clk 0:52:38]}  Nd3 {[%clk 0:39:25]} 22. Re4 {[%clk 0:46:00]}  Nf5 {[%clk 0:37:52]} 23. Ng4 {[%clk 0:36:40]}  Bf8 {[%clk 0:38:05]} 24. Nc2 {[%clk 0:29:26]}  Kg7 {[%clk 0:17:05]} 25. Ba3 {[%clk 0:26:48]}  Bxa3 {[%clk 0:13:51]} 26. Nxa3 {[%clk 0:27:17]}  Ng3 {[%clk 0:10:27]} 27. Re3 {[%clk 0:23:41]}  Nxf1 {[%clk 0:10:50]} 28. Rxf1 {[%clk 0:24:06]}  Rb4 {[%clk 0:08:25]} 29. Rd1 {[%clk 0:22:27]}  Bf5 {[%clk 0:08:25]} 30. Nc4 {[%clk 0:19:00]}  Rbb8 {[%clk 0:08:27]} 31. Rf1 {[%clk 0:17:36]}  Rd4 {[%clk 0:07:50]} 32. Ref3 {[%clk 0:17:46]}  Be4 {[%clk 0:08:05]} 33. Rg3 {[%clk 0:17:41]}  Ba8 {[%clk 0:02:30]} 34. Nf6 {[%clk 0:16:37]}  Kf8 {[%clk 0:01:58]} 35. f5 {[%clk 0:13:07]}  g5 {[%clk 0:01:56]} 36. h4 {[%clk 0:11:17]}  Ke7 {[%clk 0:02:02]} 37. Rd1 {[%clk 0:09:02]}  Rbd8 {[%clk 0:02:00]} 38. hxg5 {[%clk 0:07:46]}  hxg5 {[%clk 0:02:27]} 39. Rd2 {[%clk 0:06:52]}  Nf4 {[%clk 0:00:34]} 40. Rxd4 {[%clk 0:05:48]}  Rxd4 {[%clk 0:00:48]} 41. Kf2 {[%clk 0:03:08]}  c5 {[%clk 0:30:19]} 42. Ng8+ {[%clk 0:28:44]}  Kf8 {[%clk 0:28:57]} 43. Nf6 {[%clk 0:28:39]}  Ke7 {[%clk 0:27:41]} 44. Nh7 {[%clk 0:23:16]}  Bd5 {[%clk 0:22:49]} 45. f6+ {[%clk 0:21:11]}  Kd7 {[%clk 0:19:10]} 46. Nxg5 {[%clk 0:20:07]}  Nd3+ {[%clk 0:19:32]} 47. Ke2 {[%clk 0:19:43]}  Bxc4 {[%clk 0:19:38]} 48. bxc4 {[%clk 0:20:08]}  Nxe5 {[%clk 0:20:04]} 49. Re3 {[%clk 0:19:14]}  Kd6 {[%clk 0:20:07]} 50. Ra3 {[%clk 0:18:15]}  Rxc4 {[%clk 0:18:36]} 51. Rxa6+ {[%clk 0:18:43]}  Kd5 {[%clk 0:19:01]} 52. Ra7 {[%clk 0:19:04]}  Rf4 {[%clk 0:18:08]} 53. Nxf7 {[%clk 0:19:16]}  Rxf6 {[%clk 0:12:55]} 54. Nxe5 {[%clk 0:19:33]}  Kxe5 {[%clk 0:13:20]} 55. Kd3 {[%clk 0:19:56]}  Kd5 {[%clk 0:13:43]} 56. Rd7+ {[%clk 0:20:16]}  Kc6 {[%clk 0:14:08]} 57. Ra7 {[%clk 0:20:38]}  Kb6 {[%clk 0:14:24]} 1/2-1/2

[Event "45th FIDE Chess Olympiad Open"]
[Site "Budapest, Hungary"]
[Date "2024.09.20"]
[Round "9"]
[White "Lahdelma, Henri"]
[Black "Prohaszka, Peter"]
[Result "0-1"]
[Board "67"]
[WhiteFideId "510394"]
[BlackFideId "726265"]
[WhiteTitle "FM"]
[BlackTitle "GM"]
[WhiteElo "2331"]
[BlackElo "2542"]
[WhiteTeam "Finland"]
[BlackTeam "Hungary B"]
[WhiteClock "0:30:12"]
[BlackClock "0:17:11"]
[Variant "Standard"]

1. c4 {[%clk 1:30:55]}  e6 {[%clk 1:30:47]} 2. Nc3 {[%clk 1:31:16]}  d5 {[%clk 1:31:07]} 3. d4 {[%clk 1:31:32]}  Nf6 {[%clk 1:31:16]} 4. cxd5 {[%clk 1:31:50]}  exd5 {[%clk 1:31:11]} 5. Bg5 {[%clk 1:32:07]}  Be7 {[%clk 1:29:56]} 6. e3 {[%clk 1:32:24]}  h6 {[%clk 1:28:40]} 7. Bh4 {[%clk 1:32:27]}  Bg4 {[%clk 1:27:44]} 8. Qc2 {[%clk 1:29:56]}  O-O {[%clk 1:24:29]} 9. Bd3 {[%clk 1:29:46]}  c5 {[%clk 1:20:52]} 10. h3 {[%clk 1:24:51]}  Be6 {[%clk 1:11:47]} 11. Nf3 {[%clk 1:18:37]}  Nc6 {[%clk 1:11:27]} 12. O-O {[%clk 1:09:52]}  Nb4 {[%clk 1:00:00]} 13. Qd1 {[%clk 1:09:41]}  Nxd3 {[%clk 1:00:03]} 14. Qxd3 {[%clk 1:10:05]}  c4 {[%clk 0:59:09]} 15. Qc2 {[%clk 1:09:06]}  Ne4 {[%clk 0:55:40]} 16. Bxe7 {[%clk 0:50:50]}  Qxe7 {[%clk 0:56:08]} 17. Nxe4 {[%clk 0:51:11]}  Bf5 {[%clk 0:56:12]} 18. Nfd2 {[%clk 0:51:13]}  b5 {[%clk 0:48:05]} 19. b3 {[%clk 0:46:06]}  Rac8 {[%clk 0:34:50]} 20. bxc4 {[%clk 0:45:35]}  bxc4 {[%clk 0:35:01]} 21. Qa4 {[%clk 0:35:48]}  Bxe4 {[%clk 0:30:04]} 22. Nxe4 {[%clk 0:36:11]}  Qxe4 {[%clk 0:30:31]} 23. Qxa7 {[%clk 0:28:57]}  c3 {[%clk 0:28:45]} 24. Qa5 {[%clk 0:23:53]}  Rc6 {[%clk 0:25:24]} 25. Rac1 {[%clk 0:16:41]}  Rfc8 {[%clk 0:22:02]} 26. Qb5 {[%clk 0:12:28]}  Rg6 {[%clk 0:16:23]} 27. g3 {[%clk 0:12:47]}  c2 {[%clk 0:16:14]} 28. Rfe1 {[%clk 0:11:17]}  Rc4 {[%clk 0:12:27]} 29. Qb8+ {[%clk 0:04:52]}  Kh7 {[%clk 0:12:52]} 30. Qf4 {[%clk 0:03:52]}  Qd3 {[%clk 0:04:00]} 31. Qxf7 {[%clk 0:03:02]}  Rb4 {[%clk 0:03:59]} 32. Kg2 {[%clk 0:02:28]}  Rb1 {[%clk 0:02:36]} 33. h4 {[%clk 0:00:35]}  Rf6 {[%clk 0:01:35]} 34. Qxd5 {[%clk 0:00:56]}  Rxc1 {[%clk 0:00:43]} 35. Rxc1 {[%clk 0:01:25]}  Qd2 {[%clk 0:00:48]} 36. Qe4+ {[%clk 0:00:46]}  Kg8 {[%clk 0:00:56]} 37. Qd5+ {[%clk 0:00:32]}  Rf7 {[%clk 0:00:46]} 38. Qa8+ {[%clk 0:00:38]}  Rf8 {[%clk 0:00:47]} 39. Qd5+ {[%clk 0:00:40]}  Kh8 {[%clk 0:00:57]} 40. Rf1 {[%clk 0:00:32]}  c1=Q {[%clk 0:00:44]} 41. Rxc1 {[%clk 0:00:44]}  Qxc1 {[%clk 0:00:39]} 42. Qd6 {[%clk 0:00:41]}  Qc8 {[%clk 0:30:09]} 43. e4 {[%clk 0:30:21]}  Rd8 {[%clk 0:27:52]} 44. Qb6 {[%clk 0:30:03]}  Rf8 {[%clk 0:26:04]} 45. d5 {[%clk 0:28:44]}  Qc4 {[%clk 0:23:26]} 46. Qe3 {[%clk 0:28:57]}  Re8 {[%clk 0:23:03]} 47. Kf3 {[%clk 0:29:03]}  Qxa2 {[%clk 0:20:39]} 48. Qd4 {[%clk 0:29:21]}  Rf8+ {[%clk 0:16:47]} 49. Kg2 {[%clk 0:29:44]}  Qe2 {[%clk 0:16:45]} 50. d6 {[%clk 0:29:42]}  Qf3+ {[%clk 0:16:41]} 51. Kg1 {[%clk 0:29:27]}  Rb8 {[%clk 0:16:23]} 52. d7 {[%clk 0:29:44]}  Rb1+ {[%clk 0:16:46]} 53. Kh2 {[%clk 0:30:12]}  Rh1# {[%clk 0:17:11]} 0-1

[Event "45th FIDE Chess Olympiad Open"]
[Site "Budapest, Hungary"]
[Date "2024.09.20"]
[Round "9"]
[White "Antal, Gergely"]
[Black "Wartiovaara, Oliver"]
[Result "1-0"]
[Board "68"]
[WhiteFideId "717312"]
[BlackFideId "513024"]
[WhiteTitle "GM"]
[BlackTitle "FM"]
[WhiteElo "2544"]
[BlackElo "2300"]
[WhiteTeam "Hungary B"]
[BlackTeam "Finland"]
[WhiteClock "0:15:38"]
[BlackClock "0:17:57"]
[Variant "Standard"]

1. e4 {[%clk 1:30:57]}  c5 {[%clk 1:30:56]} 2. Nf3 {[%clk 1:31:23]}  d6 {[%clk 1:31:24]} 3. Bb5+ {[%clk 1:31:36]}  Bd7 {[%clk 1:31:50]} 4. c4 {[%clk 1:31:31]}  e5 {[%clk 1:31:52]} 5. Nc3 {[%clk 1:30:23]}  Nc6 {[%clk 1:31:38]} 6. d3 {[%clk 1:29:24]}  g6 {[%clk 1:26:29]} 7. a3 {[%clk 1:29:20]}  Bg7 {[%clk 1:26:06]} 8. b4 {[%clk 1:25:38]}  b6 {[%clk 1:25:29]} 9. Nd5 {[%clk 1:14:22]}  Nce7 {[%clk 1:18:09]} 10. Qa4 {[%clk 1:00:32]}  Nxd5 {[%clk 1:09:00]} 11. cxd5 {[%clk 1:00:59]}  Ne7 {[%clk 0:52:52]} 12. bxc5 {[%clk 0:40:06]}  bxc5 {[%clk 0:36:13]} 13. Rb1 {[%clk 0:38:45]}  Rc8 {[%clk 0:32:58]} 14. Qxa7 {[%clk 0:31:45]}  Bxb5 {[%clk 0:33:24]} 15. Rxb5 {[%clk 0:32:11]}  c4 {[%clk 0:29:55]} 16. Rb7 {[%clk 0:29:43]}  cxd3 {[%clk 0:29:25]} 17. O-O {[%clk 0:28:52]}  Kf8 {[%clk 0:24:38]} 18. Rd7 {[%clk 0:25:05]}  Qe8 {[%clk 0:25:03]} 19. Be3 {[%clk 0:22:18]}  h6 {[%clk 0:23:37]} 20. Rxd6 {[%clk 0:17:15]}  f5 {[%clk 0:19:47]} 21. Re6 {[%clk 0:16:20]}  Qf7 {[%clk 0:17:57]} 22. Bc5 {[%clk 0:15:38]} 1-0